Финансы организаций (предприятий): учебник

Dades bibliogràfiques
Altres autors: Колчина Н. В. Нина Васильевна (редактор)
Sumari:Учебник подготовлен в соответствии с Государственным образовательным стандартом высшего профессионального образования и содержит три раздела. В первом разделе раскрыты сущность финансов предприятий, их функции, принципы организации. Рассматриваются формирование основного и оборотного капитала, инвестиционная политика организации. Во втором разделе излагаются организация финансовой работы, финансового планирования, оценка финансового состояния организации. Третий раздел посвящен особенностям организации финансов организаций разных форм хозяйствования и отраслевой принадлежности. Для студентов и преподавателей экономических вузов, а также работников финансовых служб организаций и предприятий.
Idioma:rus
Publicat: Москва, ЮНИТИ, 2006
Edició:3-е изд., перераб. и доп.
Matèries:
Format: MixedMaterials Llibre
KOHA link:https://koha.lib.tpu.ru/cgi-bin/koha/opac-detail.pl?biblionumber=112902

MARC

LEADER 00000nam0a2200000 4500
001 112902
005 20231101215106.0
010 |a 523800608X 
035 |a (RuTPU)RU\TPU\book\122092 
090 |a 112902 
100 |a 20070403d2006 m y0rusy50 ca 
101 0 |a rus 
102 |a RU 
105 |a y j 001zy 
200 1 |a Финансы организаций (предприятий)  |e учебник  |f под ред. Н. В. Колчиной 
205 |a 3-е изд., перераб. и доп. 
210 |a Москва  |c ЮНИТИ  |d 2006 
215 |a 368 с. 
320 |a Терминологический словарь: с. 355-365. 
330 |a Учебник подготовлен в соответствии с Государственным образовательным стандартом высшего профессионального образования и содержит три раздела. В первом разделе раскрыты сущность финансов предприятий, их функции, принципы организации. Рассматриваются формирование основного и оборотного капитала, инвестиционная политика организации. Во втором разделе излагаются организация финансовой работы, финансового планирования, оценка финансового состояния организации. Третий раздел посвящен особенностям организации финансов организаций разных форм хозяйствования и отраслевой принадлежности. Для студентов и преподавателей экономических вузов, а также работников финансовых служб организаций и предприятий. 
451 1 |0 (RuTPU)RU\TPU\book\162118  |y 978-5-238-01123-3  |t Финансы организаций (предприятий)  |o учебник  |f под ред. Н. В. Колчиной  |e 4-е изд., перераб. и доп.  |c М.  |n ЮНИТИ  |d 2009  |p 383 с. 
451 1 |0 (RuTPU)RU\TPU\book\53204  |y 5-238-00231-9  |t Финансы предприятий  |o учебник  |f Под ред. Н. В. Колчиной  |e 2-е изд., перераб. и доп.  |c М.  |n ЮНИТИ  |d 2003  |p 447 с.  |s Золотой фонд российских учебников 
606 1 |a Финансы предприятий  |x Экономика  |2 stltpush  |3 (RuTPU)RU\TPU\subj\67543  |9 83300 
610 1 |a экономика 
610 1 |a финансы 
610 1 |a предприятия 
610 1 |a организации 
610 1 |a расходы 
610 1 |a доходы 
610 1 |a прибыль 
610 1 |a налогообложение 
610 1 |a оборотный капитал 
610 1 |a инвестиции 
610 1 |a финансовые службы 
610 1 |a финансовое планирование 
610 1 |a финансовое состояние 
610 1 |a финансовые риски 
610 1 |a денежные расчеты 
610 1 |a учебники 
686 |a У9(2)261.9я73  |v LBC/SL-A  |2 rubbk 
702 1 |a Колчина  |b Н. В.  |g Нина Васильевна  |4 340 
801 1 |a RU  |b 63413507  |c 20070403  |g PSBO 
801 2 |a RU  |b 63413507  |c 20160108  |g PSBO 
900 |a Финансы 
900 |a Финансы предприятия 
942 |c BK 
952 |a 521600  |b 080100 
955 |b 080000 
959 |a 29/20070323  |d 2  |e 150,00  |f ЧЗГЛ:1  |f АНЛ:1